The Supreme Court in The United States History (Record no. 343592)
[ view plain ]
| 000 -LEADER | |
|---|---|
| fixed length control field | 00696 a2200241 4500 |
| 003 - CONTROL NUMBER IDENTIFIER | |
| control field | OSt |
| 005 - DATE AND TIME OF LATEST TRANSACTION | |
| control field | 20180116182648.0 |
| 008 - FIXED-LENGTH DATA ELEMENTS--GENERAL INFORMATION | |
| fixed length control field | 160615b xxu||||| |||| 00| 0 eng d |
| 020 ## - INTERNATIONAL STANDARD BOOK NUMBER | |
| International Standard Book Number | 813070613X |
| 024 ## - OTHER STANDARD IDENTIFIER | |
| Standard number or code | 9798130706138 |
| 040 ## - CATALOGING SOURCE | |
| Transcribing agency | 0 |
| 082 ## - DEWEY DECIMAL CLASSIFICATION NUMBER | |
| Classification number | 347.73 WAR 2007 |
| 100 ## - MAIN ENTRY--PERSONAL NAME | |
| Personal name | Charles Warren |
| 245 ## - TITLE STATEMENT | |
| Title | The Supreme Court in The United States History |
| Statement of responsibility, etc. | Charles Warren |
| 250 ## - EDITION STATEMENT | |
| Edition statement | Revised Edition in Two Vol |
| 260 ## - PUBLICATION, DISTRIBUTION, ETC. | |
| Place of publication, distribution, etc. | New Delhi |
| Name of publisher, distributor, etc. | Cosmo Publications |
| Date of publication, distribution, etc. | 2007 |
| 300 ## - PHYSICAL DESCRIPTION | |
| Extent | 814 p. |
| Other physical details | pb. |
| 440 ## - SERIES STATEMENT/ADDED ENTRY--TITLE | |
| Title | The Supreme Court in The United States History |
| 500 ## - GENERAL NOTE | |
| General note | Paper Cover |
| 600 ## - SUBJECT ADDED ENTRY--PERSONAL NAME | |
| Personal name | Warren, Charles |
| 700 ## - ADDED ENTRY--PERSONAL NAME | |
| Personal name | Warren, Charles |
| 942 ## - ADDED ENTRY ELEMENTS (KOHA) | |
| Institution code [OBSOLETE] | NBS |
| Koha item type | Book |
| Call number prefix | 347.73 WAR 2007 |
| Source of classification or shelving scheme | |
| Withdrawn status | Lost status | Source of classification or shelving scheme | Damaged status | Not for loan | Permanent Location | Current Location | Shelving location | Date acquired | Total Checkouts | Full call number | Barcode | Date last seen | Date last checked out | Price effective from | Koha item type |
|---|---|---|---|---|---|---|---|---|---|---|---|---|---|---|---|
| NUST Law School (NLS) | NUST Law School (NLS) | General Stacks | 08/28/2013 | 1 | 347.7326 WAR 2007 | NBSD-636 | 11/23/2017 | 08/18/2017 | 08/28/2013 | Book | |||||
| NUST Law School (NLS) | NUST Law School (NLS) | General Stacks | 08/28/2013 | 1 | 347.7326 WAR 2007 | NBSD-637 | 11/23/2017 | 08/18/2017 | 08/28/2013 | Book | |||||
| NUST Law School (NLS) | NUST Law School (NLS) | General Stacks | 08/28/2013 | 1 | 347.7326 WAR 2007 | NBSD-635 | 11/23/2017 | 08/18/2017 | 08/28/2013 | Book | |||||
| NUST Law School (NLS) | NUST Law School (NLS) | General Stacks | 08/28/2013 | 1 | 347.7326 WAR 2007 | NBSD-638 | 11/23/2017 | 08/18/2017 | 08/28/2013 | Book |
